| 000 | 00000nam##2200000za#4500 |
| 001 | 9.696769 |
| 003 | CaOODSP |
| 005 | 20210908130103 |
| 007 | cr ||||||||||| |
| 008 | 150407|2006||||xxc|||||o f|0| 0 eng|d |
| 040 | |aCaOODSP|beng |
| 043 | |an-cn--- |
| 086 | 1 |aPS64-93/2006E-PDF |
| 110 | 2 |aRoyal Canadian Mounted Police. |
| 245 | 10|aStrategic intelligence assessment - Federal Tobacco Control Strategy (FTCS), January-December 2006 : |h[electronic resource]|bthe illicit tobacco market in Canada / |c[by] RCMP Criminal Intelligence. |
| 260 | |bRoyal Canadian Mounted Police |c2006. |
| 300 | |a13p.|bfigs. |
| 590 | |a12-40-Supp|b2012-10-23 |
| 690 | 07|aEconomic crime|2gcpds |
| 775 | 08|tÉvaluation du renseignement stratégique - Stratégie fédérale de lutte contre le tabagisme (SFLT), janvier-décembre 2006 : |w(CaOODSP)9.640877 |
| 856 | 40|ahttp://publications.gc.ca|qPDF|s2.54 MB|uhttps://publications.gc.ca/collections/collection_2012/grc-rcmp/PS64-93-2006-eng.pdf |